00987cam a2200277 i 450000100060000000300080000600500170001400800410003102000170007203500190008904000310010804100080013908200220014710000330016924500950020226000470029730000260034450400300037065000210040065000350042165000320045670000430048894200120053199900170054395201490056031131BD-RjUL20211209051649.0140413s1975 enk b 000 0 eng  a0710081766 : a(BD-RjUL)31218 aDLCcBD-RjULdBD-RjULbeng aeng00a362.82bMAF 19751 aManocchio, Anthony J.99468710aFamilies under stress :ba psychological interpretation /cTony Manocchio, William Petitt. aLondon :bRoutledge and Kegan Paul,c1975. avii, 208 p. ;c23 cm. aBibliography: p. 204-208. 0aFamilies.994688 0aFamilies in literature.955691 0aFamily psychotherapy.939821 aPetitt, William,ejoint author.994689 2ddccBK c31131d31131 00102ddc40718NFICaRUCLbRUCLcReadingd1979-02-26eIndia Int. Calcatag84.50l0o362.82 MAF 1975r2014-04-13 00:00:00tC-1w2014-04-13yBK